Monumenta malucensia, 1577-1606 /

Monumenta Historica Societatis Iesu es un proyecto editorial de la Compañía de Jesús que está orientado a la recuperación sistemática de las fuentes documentales primarias para el estudio del desarrollo histórico de la orden. El proyecto fue impulsado en la Congregación General XXIV (1892) de la Com...

Descripción completa

Guardado en:
Detalles Bibliográficos
Autor corporativo: Compañía de Jesús
Otros autores: Jacobs, Hubert (edición) (edición)
Formato: Libro
Idioma:latín
Colección:(Monumenta Historica Societatis Iesu ; 119)
(Monumenta Malucensia ; 2)
Temas:
Etiquetas: Agrega una etiqueta
Sin etiquetas, Sé el primero en etiquetar este registro!

MARC

LEADER 00000nam^a2200000^a^4500
001 000316041
005 20250526000000.0
009 20260310113303.157
020 |a 88-7041-119-2 
037 |a Acervo ITESO - Biblioteca 
041 |a LAT 
082 |a 255. 53  |b MON S. 1 V. 119 
110 |a Compañía de Jesús 
240 1 1 |a [Monumenta Historica Societatis Iesu] 
240 1 1 |a [Monumenta malucensia] 
245 1 0 |a Monumenta malucensia, 1577-1606 /  |c Compañía de Jesús ; ed. y notas de H. Jacobs. 
264 |a Roma, Italia :  |b Compañía de Jesús,  |c 1980 
300 |a XXXI, 65, 795 p. ;  |c 25.5 cm. 
336 |a texto  |b txt  |2 rdacontenido 
337 |a sin mediación  |b n  |2 rdamedio 
338 |a volumen  |b nc  |2 rdasoporte 
440 1 |a (Monumenta Historica Societatis Iesu ;  |v 119) 
440 1 |a (Monumenta Malucensia ;  |v 2) 
520 |a Monumenta Historica Societatis Iesu es un proyecto editorial de la Compañía de Jesús que está orientado a la recuperación sistemática de las fuentes documentales primarias para el estudio del desarrollo histórico de la orden. El proyecto fue impulsado en la Congregación General XXIV (1892) de la Compañía, cuando el padre Luis Martín García S.J. (1846-1906) fuera electo superior de la orden, y su publicación inició dos años después en Madrid, España. La Monumenta está dividida básicamente en cuatro tipos de volúmenes: 1) Los escritos de San Ignacio de Loyola, fundador de la Compañía de Jesús; 2) Fuentes primarias de los contemporáneos de San Ignacio; 3) La Monumenta paedagogica y 4) Las Monumenta sobre varias de las provincias en que está organizada la orden. 
546 |a Edición multilingüe 
649 |a XX 
650 |a Jesuitas en Islas Molucas, Indonesia -  |x Historia -  |x Documentos 
650 |a Jesuitas en Islas Molucas, Indonesia -  |x Historia -  |y Siglo XVI -  |x Tema Principal 
650 |a Jesuitas en Indonesia -  |x Historia -  |y Siglo XVI 
650 |a Jesuitas -  |x Historia -  |x Documentos -  |x Tema Principal 
650 |a Monasticismo y Ordenes Religiosas -  |z Indonesia -  |x Historia -  |y Siglo XVI 
650 |a Iglesia Católica en Indonesia -  |x Historia -  |y Siglo XVI 
650 |a Catolicismo -  |z Indonesia -  |x Historia -  |y Siglo XVI 
650 |a Cristianismo -  |z Indonesia -  |x Historia -  |y Siglo XVI 
650 |a Religión -  |z Indonesia -  |x Historia -  |y Siglo XVI 
650 |a Indonesia -  |x Historia -  |x Documentos 
650 |a Indonesia -  |x Historia -  |y Siglo XVI 
700 |a Jacobs, Hubert  |e (edición) 
910 |a Fondo General 
920 |a Impresos - Libros 
930 |a Libros Antiguos y Raros 
940 |a Jesuitas 
905 |a 108 
901 |a 0500202772  |b IT2  |c LRA  |i C129692  |u 20250526 
902 |a https://opac.biblio.iteso.mx/vufind/Record/000316041